<?xml version="1.0" encoding="UTF-8"?>
<record
    xmlns:xsi="http://www.w3.org/2001/XMLSchema-instance"
    xsi:schemaLocation="http://www.loc.gov/MARC21/slim http://www.loc.gov/standards/marcxml/schema/MARC21slim.xsd"
    xmlns="http://www.loc.gov/MARC21/slim">

  <leader>01527cam a22002054i 4500</leader>
  <datafield tag="020" ind1=" " ind2=" ">
    <subfield code="a">9781589016774 (pbk. : alk. paper)</subfield>
  </datafield>
  <datafield tag="041" ind1=" " ind2=" ">
    <subfield code="a">ENG</subfield>
  </datafield>
  <datafield tag="082" ind1="0" ind2="0">
    <subfield code="a">248.32</subfield>
    <subfield code="b">MAR</subfield>
  </datafield>
  <datafield tag="245" ind1="1" ind2="0">
    <subfield code="a">Prayer :Christian and Muslim Perspectives</subfield>
  </datafield>
  <datafield tag="260" ind1=" " ind2=" ">
    <subfield code="a">U.S.A</subfield>
    <subfield code="b">Georgetown University Press</subfield>
    <subfield code="c">2013</subfield>
  </datafield>
  <datafield tag="300" ind1=" " ind2=" ">
    <subfield code="a">xviii, 210 pages ;</subfield>
  </datafield>
  <datafield tag="505" ind1="0" ind2=" ">
    <subfield code="a">Lived prayer : some examples from the Christian tradition / Michael Plekon -- A Qur'&#x101;nic theology of prayer / Reza Shah-Kazemi -- Muslim prayer in practice / M. Dheen Mohamed -- Christian prayer in practice / Philip Sheldrake -- A Muslim response to Christian prayer / Caner Dagli -- A Christian perspective on Muslim prayer / Daniel A. Madigan -- Response / Rowan Williams -- The Lord's prayer / Susan Eastman -- Al-F&#x101;ti&#x1E25;a / Rkia Elraoui Cornell -- Prayer in the spirit in Romans 8  Philip Seddon -- In reverence of the almighty: understanding prayer and worship in Qur'&#x101;n 3:190-194 and 29:45 / Asma Afsaruddin -- Learning to pray with and in the Christian tradition: personal reflections / Lucy Gardner -- Learning to pray as a Muslim: the foundational stage / Ibrahim Mogra -- Growing in prayer as a Christian / Timothy Wright -- Growth in prayer as a Muslim: reflections and lessons of a struggler / Timothy J. Gianotti -- Conversations in Qatar / Lucinda Mosher.</subfield>
  </datafield>
  <datafield tag="650" ind1=" " ind2="0">
    <subfield code="a">Prayer - Christianity , Prayer - Islam</subfield>
  </datafield>
  <datafield tag="650" ind1=" " ind2="0">
    <subfield code="a">Christianity and other religions</subfield>
  </datafield>
  <datafield tag="650" ind1=" " ind2="0">
    <subfield code="a">Prayer</subfield>
  </datafield>
  <datafield tag="650" ind1=" " ind2="0">
    <subfield code="a">Prayer</subfield>
  </datafield>
  <datafield tag="700" ind1="1" ind2=" ">
    <subfield code="a">Marshall, David.</subfield>
  </datafield>
  <datafield tag="700" ind1="1" ind2=" ">
    <subfield code="a">Mosher, Lucinda.</subfield>
  </datafield>
  <datafield tag="942" ind1=" " ind2=" ">
    <subfield code="c">BK</subfield>
  </datafield>
  <datafield tag="952" ind1=" " ind2=" ">
    <subfield code="0">0</subfield>
    <subfield code="1">0</subfield>
    <subfield code="4">0</subfield>
    <subfield code="7">0</subfield>
    <subfield code="a">HMI</subfield>
    <subfield code="b">HMI</subfield>
    <subfield code="c">GEN</subfield>
    <subfield code="d">2018-10-30</subfield>
    <subfield code="l">0</subfield>
    <subfield code="o">248.32 MAR</subfield>
    <subfield code="p">11003807</subfield>
    <subfield code="r">2026-01-16</subfield>
    <subfield code="w">2026-01-16</subfield>
    <subfield code="y">BK</subfield>
  </datafield>
  <datafield tag="999" ind1=" " ind2=" ">
    <subfield code="c">22443</subfield>
    <subfield code="d">22443</subfield>
  </datafield>
</record>
